000 00631nam a22002057a 4500
999 _c157586
_d157586
005 20180920121932.0
010 _aENG-124004
020 _a9789352866687
_c699.00
035 _aEN-107536
037 _bDBAD/PUB
082 _a621.4025
100 _aSadhu Singh
245 _aThermal engineering /
_cby Sadhu Singh [and] Sukumar Pati
260 _aNoida
_bPearson
_c2018
270 _a15th Floor, Tower B, Worls Trade Tower, Plot No.1, Block -C
_bNoida (UP)
_e201301
300 _axxviii,1130p.
_c24cm.(pbk)
_bill.
500 _aIt include index
700 _aSukumar Pati
942 _2ddc
_cEN
_h621.4025
_mSAD